| 000 | 01581ncm0a2200385 4500 | ||
|---|---|---|---|
| 001 | RU\NLR\ONIZ\213478 | ||
| 005 | 20250624205255.0 | ||
| 013 | _a979-0-66000-149-3 | ||
| 035 | _a(NLR Aleph) 010986249 | ||
| 071 | 2 | 0 | _aс 3052 к |
| 090 |
_a10903614 _c10903614 |
||
| 100 | _a20160119g20009999|||y0rusy50 ca | ||
| 101 | 0 | _arus | |
| 102 | _aRU | ||
| 125 | _aax | ||
| 200 | 1 |
_aКошачьи песни _bНоты _eдля дет. хора (мл. школ. возраст) и фп. _fВ. Усович _gстихи Т. Григорьевой |
|
| 210 |
_aСанкт-Петербург _cКомпозитор _d[20--] |
||
| 215 |
_a14 с. _d29 см |
||
| 300 | _aКрат. биогр. справка: с. 4 обл. | ||
| 606 | 1 |
_aПесни для детского хора _yРоссия _z20-21 вв. _jНоты _2nlr_sh |
|
| 606 | 1 |
_aДетские песни _yРоссия _z20-21 вв. _jНоты _2nlr_sh |
|
| 686 |
_aЩ941.8-043.2я44(2Р=Рус) _vLBC/SL _2rubbk |
||
| 686 |
_aЩ984.22(2Р=Рус) _vLBC/SL _2rubbk |
||
| 700 | 1 |
_9z01790 _aУсович _bВ. А. _f1950- _gВиктор Алексеевич _4230 |
|
| 702 | 1 |
_9z03790 _aГригорьева _bТ. И. _cдетский писатель _gТатьяна Ивановна _4520 |
|
| 790 | 1 |
_9z01700 _aUsovich _bV. A. _f1950- _gViktor Alekseevich _4230 |
|
| 790 | 1 |
_9z03702 _aGrigor`eva _bT. _gTat`yana _4520 |
|
| 801 | 0 |
_aRU _bNLR _c20160119 _gPSBO |
|
| 801 | 1 |
_aRU _bNLR _c20160119 _2rusmarc |
|
| 801 | 2 |
_aRU _bNLR _c20170830 |
|
| 852 |
_aNLR _bМ _jК-3/27882 _p258055 _t1 |
||
| 942 | _cSCORE | ||
| 980 | _aNB | ||
| 980 | _aONIZ | ||